[Event "Maringa op 2nd"]
[Site "Maringa"]
[Date "2012.08.12"]
[Round "9"]
[White "Aoyama, Edmundo"]
[Black "Camargo, Mateus De"]
[Result "0-1"]
[WhiteElo "1915"]
[BlackElo "2109"]
[PlyCount "68"]
[EventDate "2012.08.08"]
[EventType "swiss"]
[EventRounds "9"]
[EventCountry "BRA"]
[SourceTitle "CBM 149 Extra"]
[Source "ChessBase"]
[SourceDate "2012.08.24"]
[SourceVersion "1"]
[SourceVersionDate "2012.08.24"]
[SourceQuality "1"]

1. Nf3 d5 2. g3 Nf6 3. Bg2 e6 4. 0-0 Be7 5. d4 c6 6. c3 Nbd7 7. Nbd2 0-0 8. Qc2 Qb6 9. e4 dxe4 10. Nxe4 Rd8 11. Bg5 h6 12. Nxf6+ Nxf6 13. Be3 Nd5 14. Rae1 Bd7 15. Ne5 Be8 16. b3 c5 17. dxc5 Nxe3 18. Rxe3 Bxc5 19. Re2 Qc7 20. Qe4 Rab8 21. Qg4 b5 22. Rfe1 Rbc8 23. c4 Bd4 24. cxb5 Bxb5 25. Re4 Qb6 26. Qf4 Rc7 27. Ng4 Rc2 28. Bf1 e5 29. Rxe5 Bxe5 30. Rxe5 Bxf1 31. Kxf1 Qc6 32. f3 Rd1+ 33. Re1 Rxe1+ 34. Kxe1 Qc5 0-1

[Event "Maringa op 2nd"]
[Site "Maringa"]
[Date "2012.08.10"]
[Round "4"]
[White "Delgado, Lidio Dias"]
[Black "Camargo, Mateus De"]
[Result "1-0"]
[WhiteElo "2285"]
[BlackElo "2109"]
[PlyCount "47"]
[EventDate "2012.08.08"]
[EventType "swiss"]
[EventRounds "9"]
[EventCountry "BRA"]
[SourceTitle "CBM 149 Extra"]
[Source "ChessBase"]
[SourceDate "2012.08.24"]
[SourceVersion "1"]
[SourceVersionDate "2012.08.24"]
[SourceQuality "1"]

1. e4 c5 2. Nf3 d6 3. d4 cxd4 4. Qxd4 Nc6 5. Bb5 Bd7 6. Bxc6 Bxc6 7. Nc3 Nf6 8. Bg5 e6 9. 0-0-0 Be7 10. Rhe1 0-0 11. Qd2 Qb6 12. Nd4 Rfd8 13. f4 a6 14. g4 h6 15. h4 Kf8 16. f5 hxg5 17. fxe6 Qc5 18. Rf1 Be8 19. Rf5 Qc4 20. hxg5 fxe6 21. gxf6 Bxf6 22. g5 exf5 23. gxf6 Bg6 24. Qg5 1-0

[Event "Maringa op 2nd"]
[Site "Maringa"]
[Date "2012.08.09"]
[Round "2"]
[White "Pastana, Rafael Pedroni"]
[Black "Camargo, Mateus De"]
[Result "0-1"]
[WhiteElo "1724"]
[BlackElo "2109"]
[PlyCount "75"]
[EventDate "2012.08.08"]
[EventType "swiss"]
[EventRounds "9"]
[EventCountry "BRA"]
[SourceTitle "CBM 149 Extra"]
[Source "ChessBase"]
[SourceDate "2012.08.24"]
[SourceVersion "1"]
[SourceVersionDate "2012.08.24"]
[SourceQuality "1"]

1. e4 c5 2. Nf3 d6 3. d4 cxd4 4. Nxd4 Nf6 5. Nc3 a6 6. Bc4 e6 7. Bb3 b5 8. 0-0 Be7 9. Qf3 Qc7 10. Qg3 0-0 11. f4 b4 12. Na4 Nxe4 13. Qf3 Bb7 14. Qg4 Bf6 15. Be3 Nc5 16. f5 Nxb3 17. cxb3 e5 18. Ne2 Nd7 19. Ng3 Rac8 20. Nh5 Kh8 21. Rac1 Qd8 22. Qxb4 Rxc1 23. Rxc1 Qb8 24. Nb6 Nxb6 25. Qxb6 Bd8 26. Qb4 Rg8 27. Qa4 Bc8 28. Ng3 Bb6 29. Bxb6 Qxb6+ 30. Kf1 Qe3 31. Qc4 Bd7 32. Re1 Qa7 33. a4 Rd8 34. Qd5 f6 35. Rd1 Bc8 36. Ne4 Bb7 37. Qa5 Qb8 38. Nc5 0-1

[Event "Maringa op"]
[Site "Maringa"]
[Date "2011.12.20"]
[Round "7"]
[White "Camargo, Mateus De"]
[Black "Gonzalez, Bolivar Ribeiro"]
[Result "1/2-1/2"]
[WhiteElo "2087"]
[BlackElo "2250"]
[PlyCount "44"]
[EventDate "2011.12.17"]
[EventType "swiss"]
[EventRounds "9"]
[EventCountry "BRA"]
[SourceTitle "CBM 146 Extra"]
[Source "ChessBase"]
[SourceDate "2012.02.29"]
[SourceVersion "1"]
[SourceVersionDate "2012.02.29"]
[SourceQuality "1"]

1. e4 c5 2. Nf3 a6 3. d4 cxd4 4. Nxd4 Nf6 5. Nc3 e5 6. Nb3 d6 7. f3 Be6 8. Be3 Nbd7 9. Qd2 Be7 10. g4 0-0 11. 0-0-0 b5 12. g5 b4 13. Ne2 Ne8 14. f4 a5 15. f5 a4 16. Nbd4 exd4 17. Nxd4 b3 18. Kb1 bxc2+ 19. Nxc2 Bb3 20. axb3 axb3 21. Na3 Ra4 22. Bc4 Ne5 1/2-1/2

[Event "Maringa op"]
[Site "Maringa"]
[Date "2011.12.18"]
[Round "2"]
[White "Cathcart, Joice"]
[Black "Camargo, Mateus De"]
[Result "0-1"]
[WhiteElo "1915"]
[BlackElo "2087"]
[PlyCount "62"]
[EventDate "2011.12.17"]
[EventType "swiss"]
[EventRounds "9"]
[EventCountry "BRA"]
[SourceTitle "CBM 146 Extra"]
[Source "ChessBase"]
[SourceDate "2012.02.29"]
[SourceVersion "1"]
[SourceVersionDate "2012.02.29"]
[SourceQuality "1"]

1. e4 e6 2. d3 d5 3. Nd2 Nf6 4. g3 dxe4 5. dxe4 e5 6. Bg2 Bc5 7. Ngf3 0-0 8. 0-0 Qe7 9. c3 a5 10. Qc2 b6 11. h3 Ba6 12. Re1 Rd8 13. Nf1 Bd3 14. Qb3 a4 15. Qd1 Bxf1 16. Bd2 Bxg2 17. Kxg2 Nc6 18. Qe2 Qd7 19. Rad1 Qd3 20. Qxd3 Rxd3 21. Rc1 Rad8 22. Re2 Kf8 23. Rc2 Ke7 24. Bg5 Ke6 25. Bc1 Ne8 26. Nh4 g6 27. Nf3 f6 28. Bd2 Na5 29. Be1 Nd6 30. Rc1 Ndc4 31. Rb1 Rd1 0-1

[Event "Maringa op"]
[Site "Maringa"]
[Date "2011.12.17"]
[Round "1"]
[White "Camargo, Mateus De"]
[Black "Da Silva, Lucas Tacconi"]
[Result "1-0"]
[WhiteElo "2087"]
[BlackElo "1842"]
[PlyCount "37"]
[EventDate "2011.12.17"]
[EventType "swiss"]
[EventRounds "9"]
[EventCountry "BRA"]
[SourceTitle "CBM 146 Extra"]
[Source "ChessBase"]
[SourceDate "2012.02.29"]
[SourceVersion "1"]
[SourceVersionDate "2012.02.29"]
[SourceQuality "1"]

1. e4 c6 2. d4 d5 3. e5 Bf5 4. h4 c5 5. Nc3 h5 6. dxc5 e6 7. Be3 a6 8. Nf3 Qc7 9. Nd4 Bg6 10. Bd3 Bxd3 11. Qxd3 Qxe5 12. 0-0-0 Bxc5 13. Rhe1 Bxd4 14. Bxd4 Qf4+ 15. Kb1 Nf6 16. Nxd5 Nxd5 17. Bxg7 Rg8 18. Qxd5 Qc7 19. Rxe6+ 1-0

[Event "Campinas Universities op"]
[Site "Campinas "]
[Date "2011.11.07"]
[Round "6.6"]
[White "Camargo, Mateus De"]
[Black "Pereira, Jefferson Luis"]
[Result "1-0"]
[WhiteElo "2087"]
[BlackElo "2028"]
[PlyCount "93"]
[EventDate "2011.11.04"]
[EventType "swiss"]
[EventRounds "7"]
[EventCountry "BRA"]
[SourceTitle "EXT 2014"]
[Source "ChessBase"]
[SourceDate "2013.11.20"]
[SourceVersion "1"]
[SourceVersionDate "2013.11.20"]
[SourceQuality "1"]

1. e4 e5 2. Nf3 Nc6 3. Bb5 a6 4. Ba4 Nf6 5. 0-0 Be7 6. Re1 b5 7. Bb3 0-0 8. a4 Bb7 9. d3 Bc5 10. Nc3 h6 11. axb5 axb5 12. Rxa8 Bxa8 13. Nxb5 Qb8 14. Nc3 Ng4 15. Be3 Nxe3 16. fxe3 d6 17. Qc1 Kh8 18. Nd1 Ne7 19. Kh1 f5 20. exf5 Nxf5 21. e4 Nd4 22. Nxd4 Bxd4 23. Ne3 Qe8 24. Nf5 Bc6 25. Rf1 Rf6 26. Nh4 Qh5 27. Rxf6 gxf6 28. Nf5 Kh7 29. Qf1 Bc5 30. c3 Bb7 31. Ne7 Qg5 32. g3 c6 33. Bg8+ Kg7 34. b4 Bb6 35. Be6 Kf8 36. Nf5 d5 37. h4 Qd2 38. Qf3 dxe4 39. dxe4 Ba6 40. c4 Qxb4 41. Qd1 Qc5 42. Kh2 Qf2+ 43. Kh3 Bd4 44. Nxh6 Qa2 45. Qh5 Ke7 46. Nf5+ Kd8 47. Qf7 1-0

[Event "Maringa op"]
[Site "Maringa"]
[Date "2011.07.03"]
[Round "6"]
[White "Molina, Roberto Junio Brito"]
[Black "Camargo, Mateus De"]
[Result "1/2-1/2"]
[WhiteElo "2258"]
[BlackElo "2072"]
[PlyCount "72"]
[EventDate "2011.06.30"]
[EventType "swiss"]
[EventRounds "7"]
[EventCountry "BRA"]
[SourceTitle "EXT 2014"]
[Source "ChessBase"]
[SourceDate "2013.11.20"]
[SourceVersion "1"]
[SourceVersionDate "2013.11.20"]
[SourceQuality "1"]

1. d4 d5 2. c4 c6 3. Nf3 Nf6 4. Nc3 a6 5. e3 Bg4 6. h3 Bxf3 7. Qxf3 b5 8. b3 e5 9. c5 Nbd7 10. Qd1 g6 11. g3 Qe7 12. Be2 Bg7 13. 0-0 0-0 14. Bb2 e4 15. b4 Qe6 16. Kg2 Ne8 17. a4 Nc7 18. Qd2 f5 19. axb5 axb5 20. Rxa8 Rxa8 21. Ra1 Qe8 22. g4 Nf6 23. gxf5 gxf5 24. Rg1 Kh8 25. Bd1 Bh6 26. Bc1 Qd7 27. f4 exf3+ 28. Bxf3 Ne4 29. Nxe4 dxe4 30. Bd1 Nd5 31. Qe1 Ra1 32. Qg3 Qg7 33. Qxg7+ Kxg7 34. Kh1+ Kf6 35. Bb3 Rb1 36. Bxd5 cxd5 1/2-1/2

[Event "Maringa op"]
[Site "Maringa"]
[Date "2011.07.02"]
[Round "5"]
[White "Camargo, Mateus De"]
[Black "Chemin, Vitorio"]
[Result "1-0"]
[WhiteElo "2072"]
[BlackElo "2188"]
[PlyCount "142"]
[EventDate "2011.06.30"]
[EventType "swiss"]
[EventRounds "7"]
[EventCountry "BRA"]
[SourceTitle "EXT 2014"]
[Source "ChessBase"]
[SourceDate "2013.11.20"]
[SourceVersion "1"]
[SourceVersionDate "2013.11.20"]
[SourceQuality "1"]

1. e4 c5 2. Nf3 Nc6 3. d4 cxd4 4. Nxd4 e5 5. Nb5 Nf6 6. N1c3 d6 7. Bg5 a6 8. Bxf6 gxf6 9. Na3 b5 10. Nd5 Be6 11. c3 Bg7 12. Bd3 0-0 13. Qh5 h6 14. Nc2 f5 15. Nce3 fxe4 16. Bxe4 f5 17. Bxf5 Rxf5 18. Nxf5 Bxd5 19. Rd1 Bf7 20. Nxh6+ Bxh6 21. Qxh6 Qf8 22. Qxd6 Qxd6 23. Rxd6 Rc8 24. 0-0 Kf8 25. f4 exf4 26. Rxf4 Ke7 27. Rd1 Bxa2 28. Ra1 Bd5 29. Rxa6 Rg8 30. Rf2 Kd6 31. h3 Kc5 32. Kh2 Ne5 33. g4 Nxg4+ 34. hxg4 Rxg4 35. Raf6 Rg7 36. R6f4 Re7 37. Kg3 Re3+ 38. Kg4 Re5 39. Rd4 Be6+ 40. Kh4 Bb3 41. Rg2 Re6 42. Kh5 Re7 43. Kh6 Re8 44. Rg5+ Kc6 45. Rb4 Bc4 46. Rf5 Re3 47. Kg5 Rh3 48. Kf4 Rh4+ 49. Ke3 Rh3+ 50. Rf3 Rh6 51. b3 Bd5 52. Rf2 Rh5 53. Kd2 Rh1 54. Kc2 Re1 55. Kb2 Be6 56. Rd4 Re3 57. Rfd2 Kc7 58. Rd6 Kb7 59. Ka3 Kc7 60. Kb4 Re5 61. Ra6 Bc8 62. Ra5 Kc6 63. c4 Re3 64. Rxb5 Be6 65. Ra2 Bg4 66. Ra6+ Kc7 67. Kc5 Re5+ 68. Kd4 Re1 69. Rg5 Rd1+ 70. Kc5 Bd7 71. Rg7 Kb7 1-0

[Event "Maringa op"]
[Site "Maringa"]
[Date "2011.07.02"]
[Round "4"]
[White "Prior, Marciane"]
[Black "Camargo, Mateus De"]
[Result "0-1"]
[WhiteElo "1900"]
[BlackElo "2072"]
[PlyCount "122"]
[EventDate "2011.06.30"]
[EventType "swiss"]
[EventRounds "7"]
[EventCountry "BRA"]
[SourceTitle "EXT 2014"]
[Source "ChessBase"]
[SourceDate "2013.11.20"]
[SourceVersion "1"]
[SourceVersionDate "2013.11.20"]
[SourceQuality "1"]

1. e4 c5 2. Nc3 Nc6 3. g3 g6 4. Bg2 Bg7 5. d3 d6 6. Be3 e6 7. Qd2 Rb8 8. Nd1 Nge7 9. c3 Qa5 10. Ne2 b5 11. 0-0 Bb7 12. f4 f5 13. e5 dxe5 14. Bxc5 Qc7 15. Be3 Rd8 16. fxe5 Nxe5 17. d4 Bxg2 18. Kxg2 Qc6+ 19. Kf2 Nf3 20. Qd3 Nxh2 21. Rg1 e5 22. Bg5 Rd7 23. Rg2 Ng4+ 24. Kg1 0-0 25. Bxe7 Rxe7 26. Nf2 Nxf2 27. Rxf2 Rd7 28. Qe3 Qb6 29. Raf1 exd4 30. cxd4 Bxd4 31. Qb3+ Kg7 32. Nxd4 Rxd4 33. Qc3 b4 34. Qe3 Qd6 35. Rh2 h5 36. Re2 Rd3 37. Qxa7+ Rf7 38. Qa8 Qxg3+ 39. Rg2 Qe3+ 40. Kh1 Rd4 41. Rfg1 Rh4+ 42. Rh2 Rxh2+ 43. Kxh2 Rd7 44. Rxg6+ Kxg6 45. Qc6+ Kg5 46. Qxd7 Qe5+ 47. Kh3 Qe3+ 48. Kh2 Qf2+ 49. Kh3 Qf3+ 50. Kh2 Qf4+ 51. Kg2 Kh4 52. a3 Qe4+ 53. Kf2 Qc2+ 54. Kf3 Qb3+ 55. Kf2 Qxb2+ 56. Kf1 Qc1+ 57. Ke2 Qc2+ 58. Ke1 Qe4+ 59. Kf2 bxa3 60. Qd8+ Kh3 61. Qg5 Qh4+ 0-1

[Event "Maceio op"]
[Site "Maceio"]
[Date "2011.05.27"]
[Round "2"]
[White "Camargo, Mateus De"]
[Black "Lima, Darcy Gustavo Macha"]
[Result "1/2-1/2"]
[WhiteElo "2072"]
[BlackElo "2489"]
[PlyCount "91"]
[EventDate "2011.05.26"]
[EventType "swiss"]
[EventRounds "7"]
[EventCountry "BRA"]
[SourceTitle "EXT 2012"]
[Source "ChessBase"]
[SourceDate "2011.11.24"]
[SourceVersion "1"]
[SourceVersionDate "2011.11.24"]
[SourceQuality "1"]

1. e4 Nf6 2. e5 Nd5 3. c4 Nb6 4. b3 g6 5. Nf3 Bg7 6. d4 d6 7. exd6 exd6 8. Bg5 Qd7 9. Qe2+ Qe6 10. Nc3 0-0 11. Qxe6 Bxe6 12. Rc1 Bg4 13. Be2 Nc6 14. 0-0 Rfe8 15. Be3 a6 16. h3 Bxf3 17. Bxf3 Bxd4 18. Bxd4 Nxd4 19. Bxb7 Ra7 20. Rcd1 Ne2+ 21. Nxe2 Rxe2 22. Bc6 Rxa2 23. Rd3 Re2 24. Ra1 a5 25. Rc3 Re5 26. c5 Rxc5 27. Rxc5 dxc5 28. Rc1 Kf8 29. Rxc5 Ke7 30. Bb5 Nc8 31. Kf1 Nd6 32. Bc6 Nf5 33. Rd5 Nd6 34. g4 f6 35. Ke2 g5 36. Ke3 Ra6 37. Ba4 c6 38. Rc5 Kd7 39. f4 h6 40. fxg5 fxg5 41. Kd4 Nf7 42. Rf5 Ke6 43. Kc5 Ne5 44. Kd4 Nd7 45. h4 Rb6 46. hxg5 1/2-1/2

[Event "Parana-ch"]
[Site "Campo Mourao"]
[Date "2011.01.30"]
[Round "9"]
[White "Costa, Paulo Cesar"]
[Black "Camargo, Mateus De"]
[Result "1/2-1/2"]
[WhiteElo "2094"]
[BlackElo "2072"]
[PlyCount "82"]
[EventDate "2011.01.25"]
[EventType "swiss"]
[EventRounds "9"]
[EventCountry "BRA"]
[SourceTitle "CBM 140 Extra"]
[Source "ChessBase"]
[SourceDate "2011.03.01"]
[SourceVersion "1"]
[SourceVersionDate "2011.03.01"]
[SourceQuality "1"]

1. d4 d5 2. Nf3 c6 3. c4 a6 4. cxd5 cxd5 5. g3 Nf6 6. Bg2 e6 7. 0-0 Bd6 8. Nc3 b5 9. Bg5 b4 10. Na4 Nbd7 11. Nd2 Be7 12. Rc1 0-0 13. Nb3 Ra7 14. Qc2 a5 15. Bf4 Ba6 16. Nbc5 Bb5 17. Nxd7 Nxd7 18. Rfe1 Ra6 19. Qd1 Rc6 20. Rxc6 Bxc6 21. Qc2 Qa8 22. Rc1 Rc8 23. b3 Qa7 24. Qd2 Bf6 25. e4 Qa8 26. exd5 Bxd5 27. Rxc8+ Qxc8 28. Bxd5 exd5 29. Kg2 h6 30. Be3 Qc6 31. Qd3 h5 32. h4 g6 33. Qd2 Qe6 34. Qd3 Qc6 35. Qd2 Kh7 36. Qd3 Bg7 37. Bg5 Qe6 38. Bd8 Nb8 39. Bxa5 Nc6 40. Bb6 Qe1 41. Qf3 Ne7 1/2-1/2

[Event "Parana-ch"]
[Site "Campo Mourao"]
[Date "2011.01.29"]
[Round "8.9"]
[White "Camargo, Mateus De"]
[Black "Branco, Guilherme Paulino"]
[Result "1-0"]
[WhiteElo "2072"]
[BlackElo "2025"]
[PlyCount "47"]
[EventDate "2011.01.25"]
[EventType "swiss"]
[EventRounds "9"]
[EventCountry "BRA"]
[SourceTitle "EXT 2022"]
[Source "ChessBase"]
[SourceDate "2021.10.06"]
[SourceVersion "1"]
[SourceVersionDate "2021.10.06"]
[SourceQuality "1"]

1. e4 Nf6 2. e5 Nd5 3. c4 Nb6 4. d4 d6 5. exd6 exd6 6. Nf3 Be7 7. Bd3 Bg4 8. 0-0 0-0 9. Nbd2 c6 10. Qc2 h6 11. h3 Bxf3 12. Nxf3 N8d7 13. Bf4 Nf6 14. Kh1 d5 15. c5 Nbd7 16. g4 g5 17. Bh2 Ne8 18. Ng1 Ng7 19. f4 Ne6 20. Ne2 Bf6 21. Rad1 Kg7 22. Bf5 Rh8 23. Bxe6 fxe6 24. Ng3 1-0

[Event "Parana-ch"]
[Site "Campo Mourao"]
[Date "2011.01.27"]
[Round "5"]
[White "Tavares, Imyra Cecilia"]
[Black "Camargo, Mateus De"]
[Result "1/2-1/2"]
[WhiteElo "1918"]
[BlackElo "2072"]
[PlyCount "68"]
[EventDate "2011.01.25"]
[EventType "swiss"]
[EventRounds "9"]
[EventCountry "BRA"]
[SourceTitle "CBM 140 Extra"]
[Source "ChessBase"]
[SourceDate "2011.03.01"]
[SourceVersion "1"]
[SourceVersionDate "2011.03.01"]
[SourceQuality "1"]

1. e4 c5 2. Nf3 d6 3. Bb5+ Bd7 4. Bxd7+ Qxd7 5. 0-0 Nc6 6. Re1 Nf6 7. c3 g6 8. d4 cxd4 9. cxd4 Bg7 10. Nc3 0-0 11. Bg5 h6 12. Bf4 Nh5 13. Be3 b5 14. Qd2 b4 15. Nd5 Kh7 16. Nxb4 Nf6 17. Nxc6 Qxc6 18. e5 Nd5 19. exd6 Qxd6 20. Rac1 Rab8 21. b3 e6 22. Ne5 Rb7 23. Nc4 Qb8 24. Na5 Rd7 25. Nc6 Qd6 26. Ne5 Rb7 27. Bf4 Nxf4 28. Qxf4 Rd8 29. Rc4 Kg8 30. Qe4 Rb5 31. h3 Rd5 32. Qf4 Rd7 33. Qe4 Rd8 34. Qf4 Rd7 1/2-1/2

[Event "Parana-ch"]
[Site "Campo Mourao"]
[Date "2011.01.26"]
[Round "4"]
[White "Camargo, Mateus De"]
[Black "Osipi, Jair"]
[Result "0-1"]
[WhiteElo "2072"]
[BlackElo "2208"]
[PlyCount "70"]
[EventDate "2011.01.25"]
[EventType "swiss"]
[EventRounds "9"]
[EventCountry "BRA"]
[SourceTitle "CBM 140 Extra"]
[Source "ChessBase"]
[SourceDate "2011.03.01"]
[SourceVersion "1"]
[SourceVersionDate "2011.03.01"]
[SourceQuality "1"]

1. e4 c5 2. Nf3 d6 3. d4 cxd4 4. Nxd4 Nf6 5. Nc3 a6 6. Be3 e6 7. Qd2 Qc7 8. Be2 Be7 9. g4 h6 10. 0-0-0 Nc6 11. h4 Ne5 12. Rhg1 Ng8 13. f4 Nc4 14. Bxc4 Qxc4 15. Nf3 Bd7 16. Ne5 Qc7 17. Nxd7 Qxd7 18. Bd4 Bf8 19. Bb6 Qc6 20. Qf2 Nf6 21. f5 Be7 22. Rde1 Nd7 23. Bd4 Bf6 24. fxe6 fxe6 25. g5 hxg5 26. hxg5 Be5 27. g6 Rf8 28. Qd2 0-0-0 29. Ref1 Rxf1+ 30. Rxf1 Qc4 31. Ne2 Qxa2 32. b3 Qa3+ 33. Kb1 Bxd4 34. Nxd4 Nc5 35. Qe3 Na4 0-1

[Event "BRA-ch U26"]
[Site "Blumenau"]
[Date "2010.11.14"]
[Round "6"]
[White "Camargo, Mateus De"]
[Black "De Carvalho, Felipe Cavalcante"]
[Result "1-0"]
[WhiteElo "2072"]
[BlackElo "2144"]
[PlyCount "35"]
[EventDate "2010.11.11"]
[EventType "swiss"]
[EventRounds "7"]
[EventCountry "BRA"]
[SourceTitle "CBM 139 Extra"]
[Source "ChessBase"]
[SourceDate "2011.01.05"]
[SourceVersion "1"]
[SourceVersionDate "2011.01.05"]
[SourceQuality "1"]

1. e4 c5 2. Nf3 d6 3. d4 cxd4 4. Nxd4 Nf6 5. Nc3 a6 6. Bg5 e6 7. Qe2 Qa5 8. f4 Nbd7 9. 0-0-0 Be7 10. g4 h6 11. Bxf6 Nxf6 12. Bg2 Qc7 13. h4 g6 14. f5 Bd7 15. Rh3 exf5 16. exf5 Bc6 17. Ne6 Bd5 18. h5 1-0

[Event "Paranaense-ch"]
[Site "Curitiba"]
[Date "2010.01.29"]
[Round "6.2"]
[White "Egoroff, Jomar"]
[Black "Camargo, Mateus De"]
[Result "1-0"]
[WhiteElo "2251"]
[BlackElo "2083"]
[PlyCount "39"]
[EventDate "2010.01.21"]
[EventType "swiss"]
[EventRounds "9"]
[EventCountry "BRA"]
[SourceTitle "EXT 2022"]
[Source "ChessBase"]
[SourceDate "2021.10.06"]
[SourceVersion "1"]
[SourceVersionDate "2021.10.06"]
[SourceQuality "1"]

1. e4 c5 2. Nf3 d6 3. d4 cxd4 4. Nxd4 Nf6 5. Nc3 a6 6. Bg5 e6 7. f4 Qb6 8. Qd2 Qxb2 9. Rb1 Qa3 10. Be2 Nc6 11. Nxc6 bxc6 12. 0-0 Be7 13. e5 dxe5 14. fxe5 Qc5+ 15. Kh1 Qxe5 16. Bf4 Qa5 17. Bf3 Bd7 18. Rb7 Bb4 19. Rb1 Be7 20. Bc7 1-0

[Event "Parana-ch"]
[Site "Foz do Iguacu"]
[Date "2008.01.23"]
[Round "2"]
[White "Camargo, Mateus De"]
[Black "Mendes, Leonardo"]
[Result "1-0"]
[WhiteElo "2049"]
[BlackElo "1860"]
[PlyCount "105"]
[EventDate "2008.01.23"]
[EventType "swiss"]
[EventRounds "9"]
[EventCountry "BRA"]
[SourceTitle "EXT 2010"]
[Source "ChessBase"]
[SourceDate "2010.11.25"]
[SourceVersion "1"]
[SourceVersionDate "2010.11.25"]
[SourceQuality "1"]

1. e4 e6 2. d4 d5 3. exd5 exd5 4. Bd3 Nc6 5. c3 Bd6 6. Qf3 Nf6 7. h3 h6 8. Ne2 Qe7 9. 0-0 Be6 10. Nf4 Bxf4 11. Bxf4 0-0-0 12. b4 g5 13. b5 Nxd4 14. cxd4 gxf4 15. Nd2 Rdg8 16. Rfe1 Qd7 17. Kh1 Rg7 18. Nb3 b6 19. a4 Rhg8 20. Bf1 Ne4 21. a5 Ng5 22. Qc3 Ne4 23. Qf3 Ng5 24. Qxf4 Nxh3 25. Qe3 Ng5 26. axb6 axb6 27. Ra8+ Kb7 28. Nc5+ bxc5 29. dxc5 Rxa8 30. c6+ Kc8 31. cxd7+ Kxd7 32. b6 cxb6 33. Qxb6 Rgg8 34. Qc5 Ne4 35. Bb5+ Kd8 36. Qb6+ Ke7 37. Qc7+ Kf6 38. Qf4+ Ke7 39. f3 Ng5 40. Bc6 Rad8 41. Rb1 Rg6 42. Qe5 Kf8 43. Qh8+ Rg8 44. Qxh6+ Ke7 45. Rb7+ Kd6 46. Qh2+ Kc5 47. Qf4 d4 48. Qc1+ Kd6 49. Be4 Rc8 50. Qf4+ Kc5 51. Qe5+ Kc4 52. Qb5+ Kc3 53. Qb4# 1-0

[Event "Parana-ch"]
[Site "Foz do Iguacu"]
[Date "2008.01.23"]
[Round "1"]
[White "Luz, Jhonatan Rodrigues"]
[Black "Camargo, Mateus De"]
[Result "0-1"]
[WhiteElo "1820"]
[BlackElo "2049"]
[PlyCount "58"]
[EventDate "2008.01.23"]
[EventType "swiss"]
[EventRounds "9"]
[EventCountry "BRA"]
[SourceTitle "EXT 2010"]
[Source "ChessBase"]
[SourceDate "2010.11.25"]
[SourceVersion "1"]
[SourceVersionDate "2010.11.25"]
[SourceQuality "1"]

1. b3 e5 2. Bb2 Nc6 3. c4 f5 4. e3 Nf6 5. Nc3 Bc5 6. Nge2 Qe7 7. Ng3 d6 8. Qc2 e4 9. d4 exd3 10. Bxd3 Nb4 11. Qd2 f4 12. Nge4 Nxe4 13. Bxe4 fxe3 14. fxe3 Bxe3 15. Qe2 0-0 16. a3 Qg5 17. axb4 Rf2 18. Bxh7+ Kxh7 19. Qd3+ Bf5 20. Ne4 Qxg2 21. Qxe3 Rxb2 22. Ng5+ Kg6 23. Rg1 Re2+ 24. Qxe2 Qxg1+ 25. Kd2 Qxa1 26. Qe7 Qb2+ 27. Ke1 Qc1+ 28. Kf2 Qxg5 29. Qxc7 Qf4+ 0-1

[Event "Paranaense-ch"]
[Site "Paranava"]
[Date "2007.01.16"]
[Round "2.11"]
[White "Choma, Alexandre Pedro"]
[Black "Camargo, Mateus De"]
[Result "0-1"]
[WhiteElo "2013"]
[BlackElo "2031"]
[PlyCount "90"]
[EventDate "2007.01.15"]
[EventType "swiss"]
[EventRounds "9"]
[EventCountry "BRA"]
[SourceTitle "EXT 2022"]
[Source "ChessBase"]
[SourceDate "2021.10.06"]
[SourceVersion "1"]
[SourceVersionDate "2021.10.06"]
[SourceQuality "1"]

1. Nf3 g6 2. d4 Bg7 3. c4 d6 4. Nc3 Nf6 5. e4 0-0 6. Be2 Nbd7 7. 0-0 e5 8. d5 Nc5 9. Qc2 a5 10. Be3 Nfd7 11. Nd2 f5 12. f3 f4 13. Bf2 g5 14. b3 h5 15. a3 b6 16. b4 Na6 17. Rab1 Rf6 18. Na4 Rg6 19. Kh1 g4 20. g3 Nf6 21. gxf4 gxf3 22. Nxf3 Bh3 23. Nh4 Bxf1 24. Nxg6 Bxe2 25. Qxe2 Qe8 26. Rg1 Qxa4 27. Bh4 Ng4 28. Ne7+ Kf7 29. fxe5 dxe5 30. Qf3+ Ke8 31. Nc6 Qc2 32. Bg3 Nb8 33. Nxe5 Bxe5 34. Bxe5 axb4 35. Rf1 Nxe5 36. Qxh5+ Kd7 37. Qh7+ Kc8 38. Qh8+ Kb7 39. Qxe5 Rxa3 40. d6 Qxc4 41. Rg1 Nc6 42. Qf5 Qd3 43. d7 Qf3+ 44. Qxf3 Rxf3 45. Rc1 Rd3 0-1